00831nam a2200265Ia 4500001000900000003000500009005001700014008004100031010001100072040000900083082001700092110002100109245007300130260003400203300001100237440003900248503000600287650003100293901001700324902000600341905006300347942001500410999001900425952012100444dia_3250CHAP20230310104348.0220117s1986 xx 000 0 und d a173747 cCHAP a338.17364 G4 aGeplacea9153496 aTécnicas de Mantenimiento en Ingenios Azucareros /c por Geplacea aMéxico :b Geplacea,c1986 a178 P. aMantenimiento Industrial,79154397 aD aIngenios Azucareros958308 a338.17364 G4 aM a0000001986 MX X 0000000000SPA00 cLIBRO2ddc c173747d173747 00102ddc40708GRALaIA_bIA_d2022-01-18f1l0o338.17364 G4pdia_5863r2022-01-18 00:00:00t1w2022-01-18yLIBRO